The noble scholar, jurist, historian


 His Excellency Dr. Abdul Wahhab bin Ibrahim Abu Sulaiman, may Allah have mercy on him.


 He was born in Umm Al-Qura in the year 1356 AH.

توضيح الأفكار : (Record no. 1309)

MARC details
000 -LEADER
fixed length control field 01385cam a22002891i 4500
003 - CONTROL NUMBER IDENTIFIER
control field SA_RiAUC
005 - DATE AND TIME OF LATEST TRANSACTION
control field 20241014142158.0
008 - FIXED-LENGTH DATA ELEMENTS--GENERAL INFORMATION
fixed length control field 241014s2011____su g 000 0 ara c
040 ## - CATALOGING SOURCE
Original cataloging agency SA-RiIMS
Language of cataloging ara
Transcribing agency SA-RiAUC
Description conventions rda
082 04 - DEWEY DECIMAL CLASSIFICATION NUMBER
Classification number 230
Assigning agency SA-RiAUC
090 ## - LOCALLY ASSIGNED LC-TYPE CALL NUMBER (OCLC); LOCAL CALL NUMBER (RLIN)
Classification number (OCLC) (R) ; Classification number, CALL (RLIN) (NR) 230
Local cutter number (OCLC) ; Book number/undivided call number, CALL (RLIN) ص ن ع
100 1# - MAIN ENTRY--PERSONAL NAME
Personal name الصنعاني، محمد بن إسماعيل بن صلاح،
Dates associated with a name 1099-1182 هجري
Relator term مؤلف.
245 10 - TITLE STATEMENT
Title توضيح الأفكار :
Remainder of title شرح تنقيح الأنظار /
Statement of responsibility, etc. محمد بن إسماعيل بن صلاح الأمير الصنعاني ؛ حققه وعلق عليه محمد محب الدين أبو زيد.
246 30 - VARYING FORM OF TITLE
Title proper/short title شرح تنقيح الأنظار
250 ## - EDITION STATEMENT
Edition statement الطبعة الأولى.
264 #1 - PRODUCTION, PUBLICATION, DISTRIBUTION, MANUFACTURE, AND COPYRIGHT NOTICE
Place of production, publication, distribution, manufacture الرياض :
Name of producer, publisher, distributor, manufacturer مكتبة الرشد،
Date of production, publication, distribution, manufacture, or copyright notice 2011
300 ## - PHYSICAL DESCRIPTION
Extent مجلدات ؛
Dimensions 24 سم
336 ## - CONTENT TYPE
Content type term نص
Content type code txt
Source rdacontent
Materials specified كتاب
337 ## - MEDIA TYPE
Media type term بدون وسيط
Media type code n
Source rdamedia
338 ## - CARRIER TYPE
Carrier type term مجلد
Carrier type code nc
Source rdacarrier
650 #7 - SUBJECT ADDED ENTRY--TOPICAL TERM
Topical term or geographic name entry element علم الحديث
Source of heading or term aucsh
700 1# - ADDED ENTRY--PERSONAL NAME
Personal name أبو زيد، محمد محب الدين
Relator term محقق.
700 12 - ADDED ENTRY--PERSONAL NAME
Personal name ابن الوزير، محمد بن إبراهيم بن علي،
Dates associated with a name 775-840 هجري
Title of a work تنقيح الأنظار في تنقيد أحاديث الأبرار.
740 02 - ADDED ENTRY--UNCONTROLLED RELATED/ANALYTICAL TITLE
Uncontrolled related/analytical title تنقيح الأنظار في تنقيد أحاديث الأبرار.
942 ## - ADDED ENTRY ELEMENTS (KOHA)
Source of classification or shelving scheme Dewey Decimal Classification
Koha item type Books
Suppress in OPAC No
949 ## - LOCAL PROCESSING INFORMATION (OCLC)
a SA-JeALM
d 241014
u mohamedma123
n 1
Holdings
Withdrawn status Lost status Source of classification or shelving scheme Materials specified (bound volume or other part) Damaged status Not for loan Home library Current library Date acquired Total checkouts Full call number Barcode Date last seen Price effective from Koha item type
    Dewey Decimal Classification المجلد الاول     DR AbdElwahab Library DR AbdElwahab Library 10/14/2024   230 ص ن ع 000001841 10/14/2024 10/14/2024 Books
    Dewey Decimal Classification المجلد الثاني     DR AbdElwahab Library DR AbdElwahab Library 10/14/2024   230 ص ن ع 000001842 10/14/2024 10/14/2024 Books
    Dewey Decimal Classification المجلد الثالث     DR AbdElwahab Library DR AbdElwahab Library 11/18/2024   230 ص ن ع 000003833 11/18/2024 11/18/2024 Books
    Dewey Decimal Classification المجلد الرابع     DR AbdElwahab Library DR AbdElwahab Library 11/18/2024   230 ص ن ع 000003834 11/18/2024 11/18/2024 Books